Fair rents and the market: judicial attitudes to rent control legislation. (Record no. 60443)

MARC details
000 -LEADER
fixed length control field 00882cam a2200193 4500
001 - CONTROL NUMBER
control field ABS60797
008 - FIXED-LENGTH DATA ELEMENTS--GENERAL INFORMATION
fixed length control field 000000n1999 000 0 eng u
035 ## - SYSTEM CONTROL NUMBER
System control number (Sirsi) u101292
100 ## - MAIN ENTRY--PERSONAL NAME
Personal name Rodgers, C.
245 ## - TITLE STATEMENT
Title Fair rents and the market: judicial attitudes to rent control legislation.
260 ## - PUBLICATION, DISTRIBUTION, ETC.
Date of publication, distribution, etc. 1999
490 ## - SERIES STATEMENT
Series statement Conveyancer and Property Lawyer
Volume/sequential designation (63) May/June 1999, 201-231(16)
520 ## - SUMMARY, ETC.
Summary, etc. Examines recent case law in an attempt to assess the attitudes of the courts to fair rents. Suggests that recent cases such as "Curtis v London Rent Assessment Committee" equate a 'fair' rent to a market rent and that this conflicts with the intentions of the original Rent legislation.
650 ## - SUBJECT ADDED ENTRY--TOPICAL TERM
Topical term or geographic name entry element HOUSING
650 ## - SUBJECT ADDED ENTRY--TOPICAL TERM
Topical term or geographic name entry element RESIDENTIAL
650 ## - SUBJECT ADDED ENTRY--TOPICAL TERM
Topical term or geographic name entry element FAIR RENTS
690 ## - LOCAL SUBJECT ADDED ENTRY--TOPICAL TERM (OCLC, RLIN)
Topical term or geographic name as entry element PROPERTY-RESIDENTIAL PROPERTY-RESIDENTIAL LANDLORD AND TENANT-RESIDENTIAL TENANCIES
942 ## - ADDED ENTRY ELEMENTS (KOHA)
Suppress in OPAC 0
Holdings
Withdrawn status Lost status Source of classification or shelving scheme Damaged status Not for loan Home library Current library Shelving location Date acquired Total Checkouts Full call number Barcode Date last seen Copy number Price effective from Koha item type
    Dewey Decimal Classification     London London Journal article 03/11/1999   ABS60797 101292-1001 06/08/2019 1 06/08/2019 Journal article